United nations and india in the promotion of social service and social welfare / (Record no. 142199)

MARC details
000 -LEADER
fixed length control field 00632nam a22001817a 4500
005 - DATE AND TIME OF LATEST TRANSACTION
control field 20170630114857.0
010 ## - LCCN (DPL NO)
LC control number ENG-119079
020 ## - INTERNATIONAL STANDARD BOOK NUMBER
International Standard Book Number 9788192473109
Terms of availability 1195.00
035 ## - SYSTEM CONTROL NUMBER
System control number EN-102611
037 ## - SOURCE OF ACQUISITION
Source of stock number/acquisition DBAD/PUB
082 ## - DEWEY DECIMAL CLASSIFICATION NUMBER
Classification number 341.2354
100 ## - MAIN ENTRY--PERSONAL NAME
Personal name Patnaik, Saroj Kumar
245 ## - TITLE STATEMENT
Title United nations and india in the promotion of social service and social welfare /
Statement of responsibility, etc by Saroj Kumar Patnaik
260 ## - PUBLICATION, DISTRIBUTION, ETC. (IMPRINT)
Place of publication, distribution, etc New Delhi
Name of publisher, distributor, etc Swaraj Book Distributors
Date of publication, distribution, etc 2013
270 ## - ADDRESS
Address 4648/1,21, (F-8), Jagdamba Bhavan, Ansari Road, Daryaganj, New Delhi-110002
300 ## - PHYSICAL DESCRIPTION
Extent xvi,418p
Dimensions 23cm.(Hb)
942 ## - ADDED ENTRY ELEMENTS (KOHA)
Source of classification or shelving scheme Dewey Decimal Classification
Item type English Books
Classification part 341.2354
Call number suffix PAT
Holdings
Withdrawn status Lost status Not for loan Collection code Home library Current library Date acquired Source of acquisition Cost, normal purchase price Full call number Barcode Copy number Koha item type
      Non-fiction Shahdara Branch Shahdara Branch 30/06/2017 DBAD/PUB 1195.00 341.2354 PAT EN-102611 1195.00 English Books

© Delhi Public Library
Hit Counter
free hit counter